Loading...
common problems proper solutions : avoiding errors in quantitative research
| Main Author: | |
|---|---|
| Format: | Printed Book |
| Language: | Undetermined English |
| Published: |
California
Sage Publications
1987
|
| Subjects: |
| LEADER | 00633nam a2200193Ia 4500 | ||
|---|---|---|---|
| 008 | 140306s9999 xx 000 0 und d | ||
| 020 | |a 0 8039 2807 6 | ||
| 041 | |a eng | ||
| 082 | |a 519 |b LON/CO | ||
| 100 | |a Lony, Scott L | ||
| 245 | |a common problems proper solutions : avoiding errors in quantitative research | ||
| 260 | |a California |b Sage Publications |c 1987 | ||
| 300 | |a 335 | ||
| 365 | |b U.S.D.36 | ||
| 650 | |a Log - linear analysis | ||
| 650 | |a structural model | ||
| 942 | |2 ddc |c BK | ||
| 999 | |c 182113 |d 182113 | ||
| 952 | |0 0 |1 0 |2 ddc |4 0 |6 519_000000000000000_LON_CO |7 0 |9 187790 |a KAUCBV |b KAUCBV |g 0.00 |o 519 LON/CO |r 2014-03-22 |w 2014-03-22 |y BK | ||